000 00475cam a2200169 4500
001 D7106
008 090401t1925 xxu||||| |||| 00| 0 eng d
035 _a(Sirsi) u5194
041 _aeng
050 _a720
245 _aMilitary Engineer services handbook. Volume 2. Buildings and general. Part 2: architecture and design
260 _aCalcutta
_bGovernment of India Central Publication
_c1925
300 _a88p. 34cm
350 _a0
942 _n0
948 _c04/03/1997
999 _c86138
_d86138